Municipalities of Sheboygan County, Wisconsin - Statistics

General Stats
  • This quiz has been taken 71 times
  • The average score is 12 of 31
Answers on the Map
Answers color-coded by a green-red scale on the quiz's map according to % correct below.
 
Answer Stats
Answer % Correct
City of Sheboygan
100%
Town of Sheboygan
100%
City of Sheboygan Falls
87%
Town of Sheboygan Falls
87%
City of Plymouth
65%
Town of Plymouth
65%
Village of Kohler
65%
Village of Oostburg
61%
Village of Random Lake
57%
Village of Elkhart Lake
48%
Village of Howards Grove
48%
Village of Waldo
48%
Census Designated Place of Greenbush
39%
Town of Greenbush
39%
Village of Cedar Grove
39%
Village of Glenbeulah
39%
Village of Cascade
30%
Town of Wilson
26%
Town of Lima
22%
Town of Mosel
22%
Village of Adell
22%
Town of Rhine
17%
Census Designated Place of Hingham
13%
Town of Herman
13%
Census Designated Place of Gibbsville
9%
Town of Holland
9%
Town of Lyndon
9%
Town of Scott
9%
Town of Mitchell
4%
Town of Sherman
4%
Town of Russell
0%
No matching quizzes found
Score Distribution
Percent of People with Each Score
Percentile by Number Answered
Your Score History
You have not taken this quiz